[Event "EU-Cup 18th"]
[Site "Kallithea"]
[Date "2002.09.28"]
[Round "7.1"]
[White "Luther, Thomas"]
[Black "Banikas, Hristos"]
[Result "1/2-1/2"]
[WhiteElo "2551"]
[BlackElo "2521"]
[Annotator "Ribli,Z"]
[PlyCount "58"]
[EventDate "2002.09.22"]
[EventType "team-swiss"]
[EventRounds "7"]
[EventCountry "GRE"]
[SourceTitle "CBM 092"]
[Source "ChessBase"]
[SourceDate "2003.02.06"]
[SourceVersion "1"]
[SourceVersionDate "2003.02.06"]
[SourceQuality "1"]
[WhiteTeam "Graz Merkur"]
[BlackTeam "Northern CA of DEI"]
[WhiteTeamCountry "AUT"]
[BlackTeamCountry "GRE"]

1. e4 c5 2. Nf3 Nc6 3. d4 cxd4 4. Nxd4 Qc7 5. Nc3 e6 6. Be3 a6 7. Qd2 {Diese
Spielweise ist sehr in der Mode: Nachfolgend kann Weiss lang rochieren und
moechte mit f3,g4 am Koenigsfluegel angreifen.} Nf6 8. O-O-O Ng4 $6 {Dieser
Springerzug ist auf den ersten Blick logisch, weil Schwarz den e3-Läufer
"befragt", um so die Zentrumsstellung zu klaeren, aber nach meiner
persoenlichen Meinung sind die Alternativen sicherer.} (8... b5) (8... Bb4) 9.
Bf4 {Dieser Lauferzug ist logisch, aber 9.Bg5 kommt auch in Betracht.} (9. Bg5
Nxd4 10. Qxd4 f6 (10... Qc5 $5) 11. Bh4 Bc5 12. Qd2 b5 13. h3 Ne5 14. f4 Ng6 (
14... Nf7) 15. Bg3 O-O 16. Bd3 Bb7 17. Ne2 Ne7 18. Bh2 Rac8 19. g4 d5 20. e5 {
1-0 Popovic,M-Poluljahov,A/Cetinje 1996/EXT 2000 (33)}) 9... Nge5 (9... e5 10.
Nd5 (10. Nxc6 dxc6 11. Bg3 Be6 $11) 10... Qb8 11. h3 $1 $16) 10. Bg3 Nxd4 11.
Qxd4 f6 (11... d6 12. Bxe5 dxe5 13. Qa4+ Bd7 $2 (13... Ke7 14. Nb5 $40) 14.
Rxd7 Qxd7 15. Bb5 $18) 12. f4 {Natuerlich verjagt Weiss die beste schwarze
Figur.} Bc5 13. Qd2 Nf7 14. e5 {[%mdl 4] Dieser Zug scheint logisch - Weiss
gewinnt Raum im Zentrum, aber der andere Bauernzug ist noch stärker.} (14. f5
$1 Qc6 15. e5 fxe5 16. fxe6 dxe6 17. Bd3 Bd4 18. Rhe1 Bxc3 19. bxc3 Bd7 20. Re4
Rc8 21. Rg4 O-O 22. Bh4 Kh8 23. Qe2 e4 24. Rxg7 $1 exd3 25. Bf6 Qxc3 26. Rg8+
$1 {1-0 Ramesh,R-Kunte,A/Torquay ENG 2002/(26)}) 14... f5 {Natuerlich muss
Schwarz die Zentrumsstellung (wenn moeglich) geschlossen halten, weil der
Gegner bereits groesen Entwicklungsvorteil hat. Der andere Vorteil des
Textzugs ist, dass der Springerzug Ne4verhindert wird.} (14... fxe5 15. fxe5
Nxe5 16. Ne4 $1 $44 (16. Qg5 d6 $13) 16... O-O $2 17. Qc3 $18 {[%csl Rc5,Re5]})
15. Bf2 Bxf2 (15... O-O 16. Bxc5 Qxc5 17. Qd4 $14) 16. Qxf2 $14 {Weiss hat
Raumvorteil und fuehlbaren positionellen Druck auf der d-Linie. Aber das
d6-Feld wird gut kontrolliert von dem f7-Springer.} b5 17. Rg1 $6 (17. Be2 {
[%cal Gg2g4]} Bb7 18. Rhg1 b4 19. Na4 Rc8 $132) (17. Bd3 Bb7 18. Rhg1 $14)
17... Qa7 $1 {[%cal Ga7g1] Auf diese Weise Schwarz kann die Damen tauschen,
was einen Erfolg fuer Schwarz bedeutet.} 18. Qxa7 Rxa7 $11 {[%mdl 256] Jetzt 
(nach dem Damentausch) ist die schwarze Stellung zwar immernoch etwas passiver,
aber verteidigungsfaehig.} 19. g4 fxg4 (19... g6 $2 20. gxf5 gxf5 (20... exf5
21. Nd5 $16) 21. Be2 $16) 20. Rxg4 O-O 21. Bd3 Nh6 {[%csl Yf5][%cal Gh6f5] Der
frueher passive Springer zielt auf das starke Blockadefeld f5.} 22. Rg5 Bb7 (
22... Nf5 $2 23. Bxf5 Rxf5 (23... exf5 24. Rd6 $16) 24. Rxf5 exf5 25. Rd6 $16 {
[%csl Gd6]}) 23. Rdg1 Rf7 (23... g6 24. h4 $16) 24. Kd2 (24. h4 $5 $36) 24...
Kh8 25. Ke3 Ra8 {[%cal Ga8f8,Gf8f4] Schwarz muss seine Turmstellung verbessern.
} 26. Ne2 Raf8 {[%cal Gf8f4]} 27. a3 Ng8 {[%cal Gg8e7,Ge7d5,Ge7f5]} 28. Rh5 Nh6
29. Rhg5 (29. c4 $5 bxc4 30. Bxc4 Nf5+ 31. Kd2 $14) 29... Ng8 {Und Remis
gegeben, obwohl Weiss in der Endstellung über die etwas besseren Aussichten
verfügt.} 1/2-1/2

[Event "EU-Cup 18th"]
[Site "Kallithea"]
[Date "2002.09.22"]
[Round "1.1"]
[White "Atakisi, Umut"]
[Black "Sax, Gyula"]
[Result "1/2-1/2"]
[WhiteElo "2361"]
[BlackElo "2511"]
[Annotator "Ribli,Z"]
[PlyCount "77"]
[EventDate "2002.09.22"]
[EventType "team-swiss"]
[EventRounds "7"]
[EventCountry "GRE"]
[SourceTitle "CBM 092"]
[Source "ChessBase"]
[SourceDate "2003.02.06"]
[SourceVersion "1"]
[SourceVersionDate "2003.02.06"]
[SourceQuality "1"]
[WhiteTeam "Istanbul Teknik Uni"]
[BlackTeam "Zalaegerszeg"]
[WhiteTeamCountry "TUR"]
[BlackTeamCountry "HUN"]

1. e4 c5 2. Nf3 e6 3. d4 cxd4 4. Nxd4 a6 {Der ungarische Grossmeister spielt
gewoehnlich die Scheweninger Variante der Sizilianischen Verteidigung, deshalb
stellt diese Fortsetzung eine kleine Überraschung dar.} 5. Nc3 Qc7 6. Bd3 Nf6 (
6... Nc6) 7. O-O Nc6 8. Be3 {Das ist ein prinzipieller Aufbau gegen die
Taimanov-Paulsen Variante. Die weisse Hauptstrategie besteht darin, eine
starke Angriffsstellung aufzubauen.} Nxd4 {Eine Nebenvariante - die
gewoehnlich gespielten Zuege sind 8...Ne5, 8...b5, 8...h5, 8...Bd6. Ich
bemerke, dass 8...d6 eine genuegsamere Fortsetzung wäre als in der Klassischen
Scheweninger Variante: Weiss spielt gewoehnlich mit Tempoverlust Be2-Bd3, weil
jetzt sein Läufer schon auf d3 steht.} 9. Bxd4 Bc5 10. Bxc5 (10. Bxf6 gxf6 11.
Qg4 Kf8 $13) 10... Qxc5 11. Kh1 (11. Na4 $5 Qc7 12. c4 {Das waere die andere
Moeglichkeit fuer Weiss, wonach er die Initiative am Damenfluegel hat.}) 11...
b5 (11... d6 12. f4 e5 13. Qe1 O-O (13... Be6 $5) 14. Qh4 $14) 12. a3 (12. Qe1
Bb7 13. a3 (13. f3 d6 14. a4 b4 15. Na2 a5 16. c3 bxc3 17. Bb5+ Ke7 18. Nxc3
Rhc8 19. Rd1 Kf8 20. Rd3 d5 21. e5 Ng8 22. Ne2 Ne7 23. Nd4 Ba6 24. f4 Bxb5 25.
axb5 Nf5 $11) 13... O-O 14. f4 e5 15. Qh4 Rfe8 16. fxe5 Rxe5 17. Rxf6 gxf6 18.
Rf1 Rg5 19. Rxf6 Qe5 20. Rf1 Re8 {0-1 Vouldis,A-Solak,D/Korinthos 1999/EXT
2000 (74)}) 12... Bb7 13. f4 d6 {Weiss hat Raumvorteil und etwas Initiative,
aber die schwarze Stellung ist fest und er hat keine Schwächen.} (13... b4 $6
14. axb4 Qxb4 15. Qe1 $14 {1-0 Kotronias,V-Cummings,D/Pula 1997/CBM 57 ext/
[Ribli] (48)}) (13... d5 14. e5 d4 15. Nxb5 axb5 16. exf6 gxf6 17. Qe2 Ke7 18.
Rad1 Rab8 19. Rd2 h5 20. Be4 Bxe4 21. Qxe4 Rhd8 22. Rfd1 Rbc8 {1/2-1/2 Mitkov,
N-Miezis,N/Leon 2001/CBM 86 no vc (49)}) 14. Qe2 {Auf diese Weise moechte
Weiss sein frueheres Spiel verbessern.} (14. Qe1 O-O 15. Qh4 Rfd8 16. Rf3 h6
17. Raf1 b4 18. Rg3 Kf8 19. e5 dxe5 20. axb4 Qxb4 21. Na2 Qd4 22. c3 Qa4 23.
Nb4 e4 24. f5 e5 25. Nc2 Qb3 26. Na1 Qxb2 27. Bc4 e3 {0-1 Atakisi,U-Guliev,S/
Izmir TUR 2002/(27)}) 14... O-O {Diese natuerliche Fortsetzung kann nicht
schlecht sein, aber die Alternative 14...e5 scheint mir sicherer, um 15.e5 zu
verhindern.} (14... e5 $1 15. fxe5 dxe5 16. Rf5 O-O 17. a4 b4 18. Nd5 Nxd5 19.
exd5 Qxd5 20. Rxe5 Qd4 21. Rf1 Qxb2 22. Re7 Bc6 23. Bc4 Kh8 {1/2-1/2
Kindermann,S-Horvath,J/Austria 1996/CBM 52 ext (40)}) 15. e5 $36 {[%mdl 4]}
dxe5 16. fxe5 Nd7 (16... Nd5 $6 17. Ne4 (17. Bxh7+ $2 Kxh7 18. Qh5+ Kg8 19. Ne4
Qc6 20. Ng5 Qxc2 $19) 17... Qb6 (17... Qd4 18. Nd6 $16) 18. Qh5 $40) 17. Rae1 (
17. Bxh7+ Kxh7 18. Qd3+ Kg8 19. Qxd7 Bc6 $44 {Jetzt wir haben ähnliche
Stellung (aber ohne Rae1-Rae8), wie in der Partie.}) 17... Rae8 {Ein guter
prophylaktischer Zug - Schwarz bereitet 18...f5 vor, indem er zunächst den
e6-Bauern verteidigt.} (17... Rad8 18. Rf4 $36) 18. Bxh7+ (18. Rf4 f5 19. exf6
Nxf6 $11 {[%cal Ge6e5,Ge5e4] Der e6P ist nur scheinbar schlecht, dank dem
aktiven Bb7 hat Schwarz eine bequeme Stellung.}) 18... Kxh7 19. Qd3+ {[%cal
Rd3d7,Rd3h7]} Kg8 20. Qxd7 Bc6 $44 {[%csl Gc6][%cal Gc6h1] Weiss hat einen
Bauern mehr, aber Schwarz steht sehr aktiv, besonders sein Läufer ist sehr
stark.} 21. Qd2 (21. Qd6 Qc4 $44 {[%cal Ge8d8,Gd8d1]}) 21... Rd8 22. Qf2 Qc4 {
Schwarz muss, wenn moeglich, die Damen auf dem Brett halten.} (22... Qxf2 23.
Rxf2 Rd7 24. h3 $16) 23. Rd1 Qg4 {[%csl Gg4][%cal Gc6h1,Gg4g2] Es droht noch
nichts konkretes von Schwarz, aber er hat ausreichende Kompensation: seine
Figuren stehen aktiv und der e5P ist schwach in der weissen Stellung.} 24. Rd3
{[%cal Gd3g3,Gg3g8]} Rxd3 25. cxd3 Rd8 $1 {[%csl Gc6,Gd8,Gg4][%mdl 2048]
Schwarz lasst seinen f7-Bauern, er strebt nach Aktivitaet.} 26. Qxf7+ Kh7 27.
Ne4 {[%cal Re4f6,Rf6h7,Rf6g4]} (27. Qf2 $2 Rf8 28. Qg1 Qxg2+ $1 29. Qxg2 Rxf1#)
(27. Rg1 Rxd3 $44) 27... Bxe4 28. dxe4 Rd2 29. Rg1 (29. Qf3 Qxf3 30. gxf3 Rxb2
$11 {[%csl Gb2][%cal Gb2h2]}) 29... Rxb2 30. h3 (30. Qf3 $2 Qxf3 31. gxf3 Rb3
$17) 30... Qg6 31. Qf3 (31. Qxg6+ Kxg6 $17 {[%csl Gb2,Gg6]}) 31... Qg5 32. Qc3
Re2 33. Qd3 Re3 34. Qd6 Qh6 {[%cal Re3h3,Rh6h1] Droht 35...Rxh3+ und 36...
Qxh3#.} (34... Rxe4 35. Qxe6 Qg6 $11 (35... Rxe5 36. Qxa6 Re3 $44)) 35. Rf1 a5
(35... Rxe4 36. Qxa6 Rxe5 $11) 36. Qf8 Rxh3+ {Dieses Opfer fuehrt zu ewigem
Schach.} (36... Rxe4 37. Qe8 {[%cal Gf1f8,Gf8h8,Gh8h7,Ge8b5]} Qg5 38. Qxb5 Rxe5
$11) 37. gxh3 Qxh3+ 38. Kg1 Qg3+ 39. Kh1 1/2-1/2

[Event "Petrov Memorial op"]
[Site "St Petersburg"]
[Date "1996.??.??"]
[Round "7"]
[White "Korneev, Oleg"]
[Black "Beshukov, Sergei"]
[Result "1-0"]
[WhiteElo "2590"]
[BlackElo "2450"]
[Annotator "Ribli,Z"]
[PlyCount "65"]
[EventDate "1996.02.??"]
[EventType "swiss"]
[EventRounds "9"]
[EventCountry "RUS"]
[SourceTitle "CBM 052"]
[Source "ChessBase"]
[SourceDate "1996.06.01"]
[SourceVersion "1"]
[SourceVersionDate "1996.06.01"]
[SourceQuality "1"]

1. e4 c5 2. Nf3 e6 3. d4 cxd4 4. Nxd4 Nc6 5. Nc3 Qc7 6. Be3 a6 7. Qd2 Nf6 8. f3
Ne5 9. O-O-O {Weiss versucht den sogenannten "Englischen Angriff" zu führen,
aber dise Idee ist gegen "Paulsen" nicht so gut wie gegen "Scheveningen -B80".}
b5 (9... Bb4 10. Nb3 b5 11. Bd4 Bb7 12. Kb1 Be7 13. Na5 d6 14. Ne2 {Remis
Ivanchuk,V-Ljubojevic,L/Belgrade/1995/CBM51/INF65,(188)/}) 10. g4 h6 11. h4
$146 (11. Kb1 Bb7 (11... b4 $5 12. Nce2 d5 $13) 12. Bd3 b4 13. Nce2 d5 14. exd5
Nxd5 $13 {Panaque,P-Garcia Martinez,S/Bayamo/1990/CBM18/}) 11... b4 $1 12. Nb1
$6 {In dieser Variante sieht dieser Zug sehr ungewöhnlich aus. Weiß will den
c4-Punkt weiterhin mit seinem Läufer kontrollieren.} (12. Nce2 d5 $132) (12.
Na4 d5 $132) 12... d5 13. exd5 Nxd5 14. Qe1 {Weiss macht den d2-Punkt für
seinen Springer frei, aber das kostet ein wichtiges Tempo.} Nxe3 15. Qxe3 Bc5
16. Nd2 Bb7 17. N2b3 $2 (17. Ne4 Bb6 $15 {Schwarz steht besser: 1.Er hat ein
starkes Läuferpaar. 2.Die Fesselung auf d4 ist sehr unbequem für den
Anziehenden.}) 17... Bxf3 $1 {[#] Eine unangenehme Ueberraschung. Jetzt
verliert Weiss nicht nur einen Bauern, sondern auch noch die Qualität.} 18. Be2
Bxh1 19. Rxh1 $19 {Schwarz steht klar auf Gewinn. Jetzt werden wir ein Wunder
erleben: wie verliert der Nachziehende diese Stellung?} Bb6 (19... Rd8 $1 $19)
20. Qe4 O-O (20... Rd8 $5 21. Bxa6 O-O $19) 21. g5 Bxd4 22. Nxd4 Ng6 23. Nxe6
Qe7 $5 {Diese Fesselung auf die e-Linie kostet wieder Material für Weiß.} (
23... fxe6 24. Qxg6 Qf4+ 25. Kb1 Qf5 26. Qh5 Rad8 $19) 24. Bc4 h5 25. Re1 Rfe8
26. Qf3 Rac8 27. Bb3 Rb8 28. Re3 $2 (28. Re2 $5) 28... Rb6 29. Qxh5 Nf4 $1 30.
Qg4 Nxe6 (30... Rxe6 $5 31. g6 (31. Bxe6 Nxe6 $19) 31... Rxe3 32. gxf7+ Kh8 33.
fxe8=Q+ Qxe8 34. Qxf4 Re1+ 35. Kd2 Qe2#) 31. g6 Qf6 32. Rf3 {Schwarz am Zug
und (gewinnt), nein, sondern verliert! Ich glaube, niemand findet diesen Zug -
außer Beshukov.} Nf4 $4 {Unglaublich ! Mit diesem Zug verliert Schwarz einen
Turm und einen Springer.} (32... Qxg6 $19) 33. gxf7+ {Von dieser Partie man
kann nur eine Sache lernen: Gib niemals auf!} 1-0

[Event "Parnu-A"]
[Site "Parnu"]
[Date "1996.02.05"]
[Round "4"]
[White "Hracek, Zbynek"]
[Black "Short, Nigel D"]
[Result "0-1"]
[WhiteElo "2650"]
[BlackElo "2665"]
[Annotator "Ribli,Z"]
[PlyCount "124"]
[EventDate "1996.02.??"]
[EventType "tourn"]
[EventRounds "10"]
[EventCountry "EST"]
[EventCategory "17"]
[SourceTitle "CBM 052"]
[Source "ChessBase"]
[SourceDate "1996.06.01"]
[SourceVersion "1"]
[SourceVersionDate "1996.06.01"]
[SourceQuality "1"]

1. e4 c5 2. Nf3 e6 3. d4 cxd4 4. Nxd4 Nc6 5. Nc3 Qc7 6. Be3 a6 7. Bd3 Nf6 8.
O-O Bd6 9. Kh1 Bf4 $5 (9... h5 $5 10. Nxc6 dxc6 11. f4 Ng4 12. Qe2 e5 13. f5
Qe7 14. Na4 b5 15. Nb6 Rb8 16. Nxc8 Rxc8 17. a4 Bc5 $36 {Marciano,D-Hjartarson,
J/Reykjavik/1993/CBM35/}) 10. Bxf4 Qxf4 {Die schwarze Dame auf f4 verlangsamt
den weissen Angriff.} 11. Nxc6 $146 (11. Nde2 Qh4 12. Qd2 b5 13. a3 Bb7 $10 {
Marjanovic,S-Benko,P/Vrnjacka Banja/1973/}) 11... bxc6 (11... dxc6 $5) 12. Qe2
d5 13. Rae1 O-O 14. Na4 {/\ Nb6,Nxc8,Bxa6} a5 15. b3 Rd8 16. e5 Nd7 17. Kg1 {
Der Anziehende will die f4-Dame vertreiben.} Bb7 18. g3 Qb4 19. f4 {/\ f5} g6 {
Schwarz will f5 verhindern, aber...} 20. f5 {[#] Ein zweischneidiger Versuch,
die Stellung zu verschaerfen.} (20. h4 $5) 20... exf5 21. e6 fxe6 22. Qxe6+ Kh8
23. c3 Qf8 24. g4 {Der weisse Angriff sieht sehr gefaerhlich aus.} Qg7 $1 25.
Qe7 (25. gxf5 gxf5+ 26. Kh1 c5 {/\ d4 /^ b7-h1}) 25... Rg8 $1 (25... fxg4 $2
26. Rf7 $1 Qg8 27. Nc5 $1 Re8 28. Rxh7+ Qxh7 29. Qxe8+ Rxe8 (29... Nf8 30. Qe5+
Kg8 31. Qf6 $18) 30. Rxe8+ Kg7 31. Re7+ Kg8 32. Rxh7 Nxc5 33. Bxg6 $18) 26. g5
Rgf8 $1 {Short verteidigt sich sehr gut. Es ist ihm gelungen den gegnerischen
Angriff aufhalten.} 27. Rf2 Rf7 28. Qd6 Qf8 $1 29. Qf4 Kg8 30. Qe3 Qd6 {
Der weiße Angriff ist vorbei, aber das Bauernminus bleibt.} 31. c4 {/\ c5} (31.
Rfe2 $5) 31... c5 $1 {Natuerlich will Schwarz c5 nicht zulassen.} 32. Qe6 (32.
cxd5 $2 Qxd5 $19) 32... Qxe6 33. Rxe6 d4 34. Rfe2 Kf8 35. h4 Rc8 {/\ Bc6} 36.
Nb2 Bc6 37. Kf2 Nb8 $1 {Ausgezeichnet gespielt. Schwarz wird erst einen Turm
auf der e-Linie tauschen dann mit dem anderen Turm die sehr wichtige e-Linie
besetzen.} 38. Kg3 Re8 39. Rxe8+ Bxe8 40. Re5 Nd7 41. Re2 Re7 42. Kf4 Bf7 43.
Rxe7 {Wenn Weiß den Turm nicht tauscht, dann kommt der schwarze Turm nach e3
oder e1, und sein Springer mit Gewinn nach e5.} Kxe7 44. Be2 Kd6 45. Nd3 Nf8
46. Bf3 Ne6+ 47. Kg3 Be8 $1 48. Bd5 Bc6 49. Bxc6 (49. Bxe6 Kxe6 50. Nxc5+ Kd6
51. Nd3 Be4 52. Nf4 (52. Nf2 Ke5 $19) 52... d3 53. Kf2 Ke5 54. Nh3 (54. Nd5
Bxd5 55. cxd5 f4 56. Ke1 f3 $19) 54... Kd4 $19) 49... Kxc6 50. Ne5+ Kc7 51. Kf3
Nd8 $1 {/\ Kd6} 52. h5 gxh5 $1 {Der einfachste Weg} 53. Kf4 h4 54. Nf3 h3 55.
Kg3 (55. Kxf5 d3 56. Kg4 h2 57. Nxh2 d2 $19) 55... Nf7 56. Kxh3 d3 {/\ Nxe5}
57. Kh4 Kd6 58. a3 Ne5 59. Nd2 f4 60. Kh3 Ke6 61. Kg2 Kf5 62. Kf2 Nf7 {Short
hat die Ungenauigket seines Gegner gnadenlos ausgenutzte.} 0-1

[Event "RUS-CHN Summit Men 2nd"]
[Site "Moscow"]
[Date "2004.08.16"]
[Round "6"]
[White "Motylev, Alexander"]
[Black "Xu, Jun"]
[Result "1-0"]
[WhiteElo "2658"]
[BlackElo "2617"]
[Annotator "Ribli,Z"]
[PlyCount "71"]
[EventDate "2004.08.10"]
[EventType "schev"]
[EventRounds "6"]
[EventCountry "RUS"]
[SourceTitle "CBM 103"]
[Source "ChessBase"]
[SourceDate "2004.11.11"]
[SourceVersion "1"]
[SourceVersionDate "2004.11.11"]
[SourceQuality "1"]
[WhiteTeam "Russia"]
[BlackTeam "China"]
[WhiteTeamCountry "RUS"]
[BlackTeamCountry "CHN"]

1. e4 c5 2. Nf3 Nc6 3. d4 cxd4 4. Nxd4 Qc7 5. Nc3 e6 6. Be3 a6 7. Qd2 Nf6 8.
O-O-O Bb4 9. f3 Na5 10. Bf2 $5 $146 {[%cal Gf2e1,Gf2g3][%mdl 4] Das ist eine
wichtige theoretische Neuerung. Weiss hat keine Angst vor 10...Bxc3 und möchte
entweder mit 11.Bg3 fortsetzen (und die Dame von c7 verjagen) oder 11.Be1
ziehen, worauf schon a2-a3 folgen kann.} (10. Nb3 d5 11. Kb1 Nxb3 12. cxb3 (12.
axb3 dxe4 13. Nb5 Qe7 14. c3 O-O 15. cxb4 axb5 16. Bc5 Qe8 17. Bxf8 Qxf8 18.
Bxb5 e5 19. fxe4 Nxe4 20. Qe1 Bf5 21. Bd3 Rd8 22. Rf1 Nf2 23. Rxf2 Bxd3+ {
1/2-1/2 Leko,P-Anand,V/Monaco 2004/CBM 99 ext (23)}) 12... dxe4 13. Nb5 Qe7 14.
Nc7+ Qxc7 15. Qxb4 Nd5 16. Qxe4 Nxe3 17. Qxe3 $13 {1-0 Luther,T-Maze,S/
Reykjavik 2004/CBM 99 ext (41)}) (10. Qe1 Bxc3 11. Qxc3 Qxc3 12. bxc3 d5 13. e5
Nd7 14. f4 b5 15. Nb3 Nc6 16. Bd3 Rb8 17. Kd2 Nb6 18. Rb1 Nc4+ 19. Bxc4 dxc4
20. Nc5 O-O 21. Rhd1 {1/2-1/2 Svidler,P-Anand,V/Monaco 2004/CBM 99 ext (21)}) (
10. Kb1 Bxc3 11. bxc3 d5 12. Bg5 dxe4 13. Bxf6 gxf6 14. fxe4 Bd7 15. Nb3 O-O-O
16. Bd3 Bc6 17. Qf2 {1-0 Ni Hua-Ye Jiangchuan/Tripoli LBA 2004/(45)}) (10. Qd3
Bxc3 11. bxc3 d5 12. Nb3 Bd7 13. Qd4 dxe4 14. Bg5 Nc6 15. Qd6 Qxd6 16. Rxd6
exf3 17. gxf3 h6 18. Bh4 Ne7 {1/2-1/2 Tyomkin,D-MacPhail,J/Guelph CAN 2004/74)}
) 10... Bxc3 (10... O-O 11. Bg3 Qc5 12. Be1 $14) (10... d5 11. Bg3 Qc5 12. Qg5
Bxc3 (12... O-O 13. Na4 $16) 13. Qxg7 Bxd4 14. Qxh8+ Ke7 15. exd5 $36 (15. c3
Bxc3 16. bxc3 Qxc3+ 17. Kb1 Qb4+ 18. Kc2 Qc5+ $11)) 11. Qxc3 Qxc3 12. bxc3 {
[%csl Yb6,Yd6,Gf2] Der weisse Doppelbauern auf der c-Linie hat keine grosse
Bedeutung. Was wichtiger ist, dass es am schwarzen Damenflügel einige
dunkelfarbige Felderschwächen gibt, sodass der f2B eine gute Zukunft hat.} d5 (
12... b5 13. Nb3 Nxb3+ (13... Nc4 14. Bxc4 bxc4 15. Na5 d5 16. Rhe1 $16) 14.
axb3 $14) 13. exd5 Nxd5 (13... exd5 14. Bh4 $14 (14. Bd3 $14 {[%cal Gh1e1]}))
14. c4 $1 $14 {Weiss mobilisiert seinen Bauern und es scheint, dass der vorher
schwache Bauer stark wird.} (14. Kb2 b5 $11) 14... Ne7 (14... Nc3 15. Re1 Nxa2+
16. Kb2 Nb4 17. Nf5 $44) 15. Nb3 Nxb3+ $2 (15... Nac6 16. Bc5 e5 17. Bd3 $14)
16. cxb3 {[%csl Ga2,Gb3,Gc4,Gf1,Gf2] Weiss kann mit dem Ergebnis der Eröffnung
zufrieden sein - er hat das Läuferpaar und die Bauernmehrheit am Damenflügel,
während Schwarz Schwierigkeiten mit der Entwicklung hat.} Bd7 17. Bd3 Bc6 18.
Bb6 {[%csl Gb6][%cal Gb6d8] Der b6B steht ausgezeichnet und paralysiert den
schwarzen Damenflügel.} f5 (18... O-O 19. Rhe1 $16) 19. Bc2 Kf7 20. Rhe1 Ng6
21. b4 $16 {[%csl Gb4,Gc4][%cal Ga2a4][%mdl 32] Weiss kann schon seine
Bauernmehrheit am Damenflügel mobilisieren, da Schwarz kein Gegenspiel hat.}
Nf8 (21... Nf4 22. Rd2 g5 23. a4 $16) 22. a4 Nd7 23. Bf2 {Schwarz konnte zwar
den Läufer von b6 verjagen, aber nun steht der d7N nicht gut, es droht 24.b5!
mit Figurengewinn.} Nf6 24. b5 axb5 25. axb5 Bd7 26. Kb2 {Weiss hat keine
konkrete Drohungen, darum verbessert er mit positionellen Zügen seine Stellung.
} Rhc8 27. Bb3 {[%cal Gc4c5,Gb3f7]} Re8 28. g4 $1 {Die Stellungsöffnung von
Weiss ist für Schwarz unangenehm. Es droht 29.g5 mit Figurengewinn.} (28. Rd6
$16) 28... fxg4 29. fxg4 h6 30. h4 {[%csl Rd7,Rf6][%cal Rg4g5]} Bc8 $8 {
Dieser traurige Rückzug demonstriert die großen Probleme von Schwarz, doch hat
er keine andere Wahl, da er sonst nach 31.g5 eine Figur verliert.} (30... g5 $2
31. Rf1 $18) 31. g5 hxg5 32. hxg5 Ng4 33. Bg3 Kg6 34. Bc2+ (34. Bf4 $16) 34...
Kxg5 35. Rh1 $1 $18 {[%csl Rg5]} Ne3 (35... Kf6 36. Rhf1+ Kg5 37. Bf4+ $18) 36.
Bh4+ (36. Bh4+ Kf4 37. Rd4+ Ke5 38. Re4+ $18) 1-0